Представление документа в формате RUSMARC

Поле Инд. ПП Название Значение
Тип записи a
Библиографический уровень a
001 Контрольный номер c15fc5a11df143f89e335062964abe00
005 Дата корректировки 20181120134524.1
100 a Данные общей обработки 20180918 ||| 0rusy0189 ca
101 0_ a Язык текста rus
102 a Страна публикации RU
200 1_ f Первые сведения об ответственности Е.Г. Стрельцова
a Заглавие Требование исполнимости для условий мирового соглашения, утверждаемого судом
b Общее обозначение материала Текст
210 d Дата издания 2018
461 _0 1 2000
a Российский судья
463 _0 1 2000
a №6
v С. 20-24
1 2101
d 2018
1 00149cb462060434d60b673f504c328f302
606 a Основная рубрика Гражданское процессуальное право
610 0_ a Ключевые слова ГРАЖДАНСКИЙ ПРОЦЕСС
a Ключевые слова МИРОВОЕ СОГЛАШЕНИЕ
a Ключевые слова ИСПОЛНИТЕЛЬНОЕ ПРОИЗВОДСТВО
700 _1 a Фамилия Стрельцова
b Имя Е.Г.
801 _0 a Страна RU
b Организация РГУП
c Дата составления 20180918
g Правила каталогизации PSBO
801 _1 a Страна RU
b Организация РГУП
c Дата составления 20180918
g Правила каталогизации PSBO
901 t Тип документа b
w Контрольный № источника 49cb462060434d60b673f504c328f302
905 a Дата ввода 20180918